<?xml version="1.0" encoding="UTF-8"?>
<collection xmlns="http://www.loc.gov/MARC21/slim">
 <record>
  <leader>00834cam a2200181 7i4500</leader>
  <controlfield tag="001">0000136813</controlfield>
  <controlfield tag="005">20100905090000.0</controlfield>
  <controlfield tag="002">  0000001880</controlfield>
  <datafield tag="090" ind1="0" ind2="0">
   <subfield code="a">LP 20 FPE 2 2004 </subfield>
  </datafield>
  <datafield tag="100" ind1="0" ind2="#">
   <subfield code="a">Nik Siti Norazizi Nik Mat </subfield>
  </datafield>
  <datafield tag="245" ind1="1" ind2="0">
   <subfield code="a">Laporan praktikum kaunseling di Pusat Latihan Polis Kuala Lumpur Jalan Semarak  </subfield>
   <subfield code="c">Nik Siti Norazizi Nik Mat.</subfield>
  </datafield>
  <datafield tag="260" ind1="#" ind2="#">
   <subfield code="a">Terengganu: </subfield>
   <subfield code="b">Kolej Universiti Sains dan Teknologi Malaysia, </subfield>
   <subfield code="c">2004.</subfield>
  </datafield>
  <datafield tag="300" ind1=" " ind2=" ">
   <subfield code="a">78 p.; </subfield>
   <subfield code="c">30 cm..</subfield>
  </datafield>
  <datafield tag="502" ind1="#" ind2="#">
   <subfield code="a">Laporan Praktikum FPE (Sarjana Muda Pengurusan - Kaunseling) 2004</subfield>
  </datafield>
  <datafield tag="520" ind1="3" ind2="#">
   <subfield code="a">Pada tahun 1977, institusi ini dikenali sebagai PULAPOL (Pusat Latihan Polis) dan mempunyai kemudahan untuk melatih 3,000 pelatih dalam satu masa</subfield>
  </datafield>
  <datafield tag="602" ind1="#" ind2="#">
   <subfield code="a">Latihan Industri FPE 2004</subfield>
  </datafield>
  <datafield tag="999" ind1=" " ind2=" ">
   <subfield code="a">110003291</subfield>
   <subfield code="b">Book</subfield>
   <subfield code="c">Tesis</subfield>
   <subfield code="e">KOLEKSI PERPUSTAKAAN</subfield>
  </datafield>
  <datafield tag="999" ind1=" " ind2=" ">
   <subfield code="a">1100032916</subfield>
   <subfield code="b">Book</subfield>
   <subfield code="c">Latihan Industri</subfield>
   <subfield code="e">BILIK ARKIB</subfield>
  </datafield>
 </record>
</collection>
